| 000 | 00807nam a2200265Ia 4500 | ||
|---|---|---|---|
| 003 | OSt | ||
| 005 | 20220930091736.0 | ||
| 006 | a|||||r|||| 00| 0 | ||
| 007 | ta | ||
| 008 | 220926b |||||||| |||| 00| 0 eng d | ||
| 024 | _a9997 | ||
| 037 | _cTheses | ||
| 040 |
_aCRL _cCRL _beng |
||
| 041 |
_2eng _aeng |
||
| 100 |
_aKim Bo Kyung _9546505 |
||
| 110 |
_aUniversity of Delhi. Faculty of Arts. Department of Buddhism _9546506 |
||
| 245 | 0 | _aA study on the nature and development of vajrayana buddhism in medieval India | |
| 260 | _c2012 | ||
| 300 |
_a128p. _ap. _ccm. |
||
| 650 | _aBUDDHISM | ||
| 700 | _a Singhal Shalini Gu. | ||
| 700 |
_aUniversity of Delhi. Faculty of Arts. Department of Buddhism _9546507 |
||
| 942 |
_cDIS _2CC |
||
| 999 |
_c882556 _d882556 |
||